Sexualidad y adolescencia: topicos en psicología: texto alumno
Enregistré dans:
| Auteur principal: | |
|---|---|
| Format: | Livre |
| Langue: | espagnol |
| Publié: |
Santiago
Ediciones Universidad Católica de Chile
1997
|
| Édition: | 2a. ed |
| Sujets: | |
| Tags: |
Ajouter un tag
Pas de tags, Soyez le premier à ajouter un tag!
|
MARC
| LEADER | 00000nam a2200000 a 4500 | ||
|---|---|---|---|
| 001 | UCH9379 | ||
| 003 | CL-VaPUC | ||
| 008 | 100107e19970000CL |||||||||||||||||spa|d | ||
| 020 | |a 9561403137 | ||
| 082 | 0 | 4 | |a 612.6 |b SIL |2 21 |
| 100 | 0 | |a Silva Raveau, Mónica |e author |9 546436 | |
| 245 | 1 | 0 | |a Sexualidad y adolescencia: topicos en psicología: texto alumno |
| 250 | |a 2a. ed | ||
| 300 | |a 113 p | ||
| 942 | |c BK | ||
| 945 | |d 20100107 00:00:00 |a rbrito | ||
| 260 | |a Santiago |b Ediciones Universidad Católica de Chile |c 1997 | ||
| 650 | 0 | |a Educación sexual |9 308005 | |
| 650 | 0 | |a Adolescentes |9 308058 | |
| 650 | 0 | |a Sexo |9 257818 | |
| 650 | 0 | |a Juventud |9 271073 | |
| 650 | 0 | |a Congresos |9 257560 | |
| 583 | |a last modification |c 20100107 00:00:00 |k Rodrigo Vera | ||
| 999 | |c 339364 |d 339362 | ||